| 000 | 00466nam a22001937a 4500 | ||
|---|---|---|---|
| 005 | 20230613120920.0 | ||
| 008 | 230524b |||||||| |||| 00| 0 eng d | ||
| 020 | _a978813170482 | ||
| 082 |
_a620.3 _bTHO-T |
||
| 100 | _aThomson, William.T | ||
| 245 | _aTheory of Vibrations with Applications | ||
| 250 | _a5th ed. | ||
| 260 |
_aIndia _c2014 |
||
| 300 | _a524 | ||
| 500 | _aindex given | ||
| 650 | _aEngineering | ||
| 700 | _aWilliam,T.Thomson | ||
| 999 |
_c18442 _d18442 |
||